<?xml version="1.0" encoding="UTF-8"?>
<record
    xmlns:xsi="http://www.w3.org/2001/XMLSchema-instance"
    xsi:schemaLocation="http://www.loc.gov/MARC21/slim http://www.loc.gov/standards/marcxml/schema/MARC21slim.xsd"
    xmlns="http://www.loc.gov/MARC21/slim">

  <leader>00354nam a2200145Ia 4500</leader>
  <controlfield tag="008">150201s2003    xx            000 0 und d</controlfield>
  <datafield tag="082" ind1=" " ind2=" ">
    <subfield code="a">617.525</subfield>
    <subfield code="b">S2003G</subfield>
  </datafield>
  <datafield tag="100" ind1=" " ind2=" ">
    <subfield code="a">GUPTA, ROSHAN LAL</subfield>
  </datafield>
  <datafield tag="245" ind1=" " ind2=" ">
    <subfield code="a">TEX TBOOK OF SURGERY</subfield>
  </datafield>
  <datafield tag="250" ind1=" " ind2=" ">
    <subfield code="a">2ND</subfield>
  </datafield>
  <datafield tag="260" ind1=" " ind2=" ">
    <subfield code="b">JAYPEE MEDICAL PUBLISHER</subfield>
    <subfield code="a">DELHI</subfield>
    <subfield code="c">2003</subfield>
  </datafield>
  <datafield tag="300" ind1=" " ind2=" ">
    <subfield code="a">1-1274</subfield>
  </datafield>
  <datafield tag="650" ind1=" " ind2=" ">
    <subfield code="a">SURGERY</subfield>
  </datafield>
  <datafield tag="942" ind1=" " ind2=" ">
    <subfield code="2">ddc</subfield>
    <subfield code="c">BK</subfield>
  </datafield>
  <datafield tag="952" ind1=" " ind2=" ">
    <subfield code="0">0</subfield>
    <subfield code="1">0</subfield>
    <subfield code="2">ddc</subfield>
    <subfield code="4">0</subfield>
    <subfield code="7">0</subfield>
    <subfield code="a">FD</subfield>
    <subfield code="b">FD</subfield>
    <subfield code="d">2004-05-15</subfield>
    <subfield code="e">U.B.S.DELHI</subfield>
    <subfield code="g">750.00</subfield>
    <subfield code="h">1</subfield>
    <subfield code="i">SGTU</subfield>
    <subfield code="l">4</subfield>
    <subfield code="o">617.525 S2003G</subfield>
    <subfield code="p">FD2480</subfield>
    <subfield code="r">2020-12-31 00:00:00</subfield>
    <subfield code="s">2020-12-19</subfield>
    <subfield code="w">2012-03-26</subfield>
    <subfield code="y">BK</subfield>
    <subfield code="k">120</subfield>
  </datafield>
  <datafield tag="952" ind1=" " ind2=" ">
    <subfield code="0">0</subfield>
    <subfield code="1">0</subfield>
    <subfield code="2">ddc</subfield>
    <subfield code="4">0</subfield>
    <subfield code="7">0</subfield>
    <subfield code="a">FD</subfield>
    <subfield code="b">FD</subfield>
    <subfield code="d">2004-05-15</subfield>
    <subfield code="e">U.B.S.DELHI</subfield>
    <subfield code="g">750.00</subfield>
    <subfield code="h">1</subfield>
    <subfield code="i">SGTU</subfield>
    <subfield code="l">6</subfield>
    <subfield code="o">617.525 S2003G</subfield>
    <subfield code="p">FD2481</subfield>
    <subfield code="r">2020-01-15 00:00:00</subfield>
    <subfield code="s">2020-01-03</subfield>
    <subfield code="w">2012-03-26</subfield>
    <subfield code="y">BK</subfield>
    <subfield code="k">120</subfield>
  </datafield>
  <datafield tag="999" ind1=" " ind2=" ">
    <subfield code="c">3030</subfield>
    <subfield code="d">3030</subfield>
  </datafield>
</record>
